PLASMACUTTER VÚZ - rezacie centrá využívajúce vysoko presné plazmové zdroje

Bibliographic Details
Main Authors: Tánczos, Pavol (Author), Sejč, Pavol, 1964- (Author), Bosák, Juraj, 1933-1987 (Author)
Format: Article
Language:Slovak
PhysicalDescription:Grafy, fotogr., sch.
ISSN:0044-5525
Subjects:

MARC

LEADER 00000nab a2200000 a 4500
001 vtls009482649
003 SK-MaSNL
005 20260304234941.0
008 250507c2008 xo |||||||||||000 b|slo
015 |a SNBRB2009/03  |2 snkbucl 
035 |a (sysno)vtls009482649 
035 |a urn:nbn:sk:snk-ab6pgx 
035 |a (uuid)57a9e541-f65e-405e-90c8-03efe1d10bbc 
035 |a (urnnbn)urn:nbn:sk:snk:ar-005qcw 
038 |a SNKBUCL 
040 |a SNKBUCL  |b slo  |c SNKBUCL  |e AACR2 
041 0 |a slo  |b eng 
044 |a xo  |c SK 
080 |a 621.791.948.03:669.14.018.29  |2 2001 
080 |a 621.791.948.015  |2 2001 
080 |a 669.14.018.29  |2 2001 
100 1 |a Tánczos, Pavol  |4 aut  |9 645299 
245 1 0 |a PLASMACUTTER VÚZ - rezacie centrá využívajúce vysoko presné plazmové zdroje  |c Pavol Tánczos, Pavol Sejč, Juraj Bosák 
246 3 1 |a PLASMACUTTER VÚZ cutting centres exploiting high precision plasma sources 
300 |b Grafy, fotogr., sch. 
504 |a Bibliogr. odkazy 
546 |a Res. angl., slov. 
650 0 7 |a Plasmacutter VÚZ (rezacie centrá)  |2 snkbucl  |9 1571984 
650 0 7 |a rezacie stroje  |2 snkbucl  |9 698837 
650 0 7 |a plazmové rezanie  |2 snkbucl  |9 54754 
650 0 7 |a rezacie plazmové zdroje  |2 snkbucl  |9 1032813 
650 0 7 |a rezacie technológie  |2 snkbucl  |9 1571985 
650 0 7 |a značkovanie plazmou  |2 snkbucl  |9 1571986 
650 0 7 |a konštrukčné ocele  |2 snkbucl  |9 74081 
650 0 7 |a rezné plochy  |2 snkbucl  |9 1571987 
650 0 7 |a kvalita  |2 snkbucl  |9 1150 
700 1 |a Sejč, Pavol,  |d 1964-  |4 aut  |9 155867 
700 1 |a Bosák, Juraj,  |d 1933-1987  |4 aut  |9 38420 
773 0 |t Zváranie = Svařování  |g Roč. 57, č. 11-12 (2008), s. 330-336  |x 0044-5525 
850 |a Slovenská národná knižnica 
852 |a Slovenská národná knižnica 
954 |a odborná, vedecká literatúra pôvodná (slovenská)  |2 lita 
958 |a article 
958 |a OND 
958 |a NB 
958 |a EUIPO 
999 |c 3206513  |d 3208443